Statistics for 中国前十人口省份

Click here to take the quiz!

General Stats

  • This quiz has been taken 487 times
  • The average score is 9 of 10

Answer Stats

HintAnswer% Correct
126012510广东
98%
99365519河南
97%
101527453山东
96%
84748016江苏
94%
74610235河北
89%
64567588浙江
86%
83674866四川
82%
66444864湖南
80%
57752557湖北
80%
61027171安徽
62%

Score Distribution

Percentile by Number Answered

Percent of People with Each Score

Your Score History

You have not taken this quiz